Страны на Красном море с картой - Statistics

General Stats
  • This quiz has been taken 340 times
  • The average score is 7 of 8
Answers on the Map
Answers color-coded by a green-red scale on the quiz's map according to % correct below.
 
Answer Stats
Страна % Correct
Египет
98%
Саудовская Аравия
96%
Израиль
93%
Йемен
89%
Иордания
86%
Судан
86%
Эритрея
77%
Джибути
66%
No matching quizzes found
Score Distribution
Percent of People with Each Score
Percentile by Number Answered
Your Score History
You have not taken this quiz